| 000 | 00950nam0a22002531 4500 | ||
|---|---|---|---|
| 001 | rc\4719067 | ||
| 005 | 20260408015943.0 | ||
| 035 | _a(NLR Aleph) 008440576 | ||
| 090 |
_a9475445 _c9475445 |
||
| 100 | _a20130416d1963 |||y0rusy50 ca | ||
| 101 | 0 | _arus | |
| 102 | _aRU | ||
| 105 | _ay z ||||| | ||
| 200 | 1 |
_aИнструкция по составлению заявок на материалы, необходимые предприятию на 1964 год _e[Утв. Госком. по электронной технике СССР в марте 1963 г. |
|
| 210 |
_aМосква] _cБ. и. _d1963 |
||
| 215 |
_a29 с. _d22 |
||
| 300 | _aБез тит. л. и обл. | ||
| 333 | _aДСП. Экз. № 00143 | ||
| 710 | 0 | 1 |
_aСССР _bКомитет по электронной технике _3RU\NLR\AUTH\8810179268 _9854675 |
| 801 | 0 |
_aRU _bNLR _gpsbo |
|
| 801 | 1 |
_aRU _bELAR _2rusmarc |
|
| 852 |
_aNLR _j63-6/5987 |
||
| 942 | _cBOOK | ||
| 980 | _aNB | ||